000 01739nam a2200445Ii 4500
001 DIGABYALA0403
003 NyNyDIG
006 m o d
007 cr |||||||||||
008 240904s2022 ec ob 001 0 spa d
035 _a(OCoLC)1454785248
040 _aDGITA
_beng
_erda
_epn
_cDGITA
020 _a9789942097750
_qdigital
020 _z9789942097743
_qimpreso
043 _acl-----
_acc-----
050 1 4 _aF1419.B55 ebook
245 0 0 _aCrecimos antinegros en América Latina y el Caribe /
_cGioconda Coello, Ligia (Licho) López López, (editoras).
250 _aPrimera edición.
264 1 _aQuito, Ecuador :
_bAbya Yala,
_c2022.
300 _a1 online resource.
336 _atext
_btxt
_2rdacontent
337 _acomputer
_bc
_2rdamedia
338 _aonline resource
_bcr
_2rdacarrier
347 _atext file
_2rdaft
347 _bPDF
504 _aIncludes bibliographical references and index.
588 0 _aOnline resource; title from PDF title page (Digitalia, viewed September 4, 2024)
650 0 _aRacism against Black people
_zLatin America.
650 0 _aRacism against Black people
_zCaribbean Area.
651 0 _aLatin America
_xRace relations.
650 0 _aCaribbean Area
_xRace relations.
700 1 _aCoello, Gioconda,
_eeditor.
700 1 _aLópez López, Ligia L.,
_eeditor.
791 2 _aDigitalia (Firm),
_edistributor.
793 0 _gDigitalia eBook Collection:
_aEdiciones Abya-Yala
776 0 8 _iPrint version:
_tCrecimos antinegros en América Latina y el Caribe.
_bPrimera edición.
_dQuito, Ecuador : Abya Yala, 2022
_z9789942097743
856 4 0 _3Digitalia Hispánica
_uhttps://www.digitaliapublishing.com/a/157092/
910 _aPremium collection: 2024
942 _cRAA
999 _c287042
_d287042